000 00626nam a2200181Ia 4500
008 090630s9999 xx 000 0 und d
082 _b7380
100 _aगोखले म. वि.
245 _aसत्य प्रतिज्ञा.
_cगोखले म. वि.
260 _bअरगडे नरेंद्र - पुणे.
_c1983
300 _a248
600 _aगोखले म. वि.
630 _aसत्य प्रतिज्ञा.
655 _aकादंबरी.
700 _aगोखले म. वि.
730 _aसत्य प्रतिज्ञा.
942 _cBOOK
999 _c259236
_d259236